Leader xxxxxxxxxx
001 __ 84140605
005 __ 19951019173911.0
008 __ chi
010 0_ |a957-558-291-8|b平裝|dNT﹩120
100 __ |a19950724d1991 d y0chiy0109 e.
101 1_ |achi.
102 __ |acw.
105 __ |aa z 000ay.
200 1_ |a老人與海|e|f海明威原著|g顏雲改寫.
205 __ |a初版.
210 __ |a臺南市|c大千文化|d民80[1991]
215 0_ |a238面|c圖|d22公分.
225 2_ |a世界文學注音版全集|v3.
260 1_ |a1991.
300 __ |a
302 __ |a國語注音.
410 _1 |12001 |a世界文學注音版全集|v3.
681 __ |a859.6|b4607.
700 _1 |a海明威|b|4原著.
702 _1 |a顏|b雲|4改寫.
702 _1 |a詹|b秀娟|4繪圖.
801 _0 |acw|bPTL|c19950724.
801 _1 |acw|b鎧鈺|c19950724.
|